[Event "Torneo Euskal Xake Eskola"]
[Site "San Sebastian ESP"]
[Date "2009.07.13"]
[Round "6.5"]
[White "Huerga Leache, Mikel"]
[Black "Flear, Glenn C"]
[Result "1/2-1/2"]
[WhiteElo "2456"]
[BlackElo "2490"]
[PlyCount "91"]
[EventDate "2009.07.07"]
[EventType "tourn"]
[EventRounds "9"]
[EventCountry "ESP"]
[EventCategory "6"]
[Source "lmi"]
[SourceDate "2009.07.07"]

1. e4 e5 2. Nf3 Nc6 3. Bb5 a6 4. Ba4 Nf6 5. O-O Be7 6. Re1 b5 7. Bb3 d6 8. c3
O-O 9. h3 Na5 10. Bc2 c5 11. d4 Qc7 12. b4 cxb4 13. cxb4 Nc4 14. Nbd2 Be6 15.
d5 Bd7 16. Nxc4 Qxc4 17. Bd2 Rfc8 18. Bb3 Qc7 19. a4 bxa4 20. Bxa4 Bb5 21. Qb1
Qb7 22. Bg5 h6 23. Bxb5 axb5 24. Rxa8 Qxa8 25. Bxf6 Bxf6 26. Rc1 Rc4 27. Rxc4
bxc4 28. Qb2 Qa4 29. Kh2 Bg5 30. h4 Bd8 31. Nd2 Qb5 32. Qc3 Bxh4 33. g3 Be7 34.
Nxc4 f5 35. Ne3 fxe4 36. Qc8+ Kh7 37. Qf5+ Kh8 38. Qf7 Bg5 39. Nf5 Bf6 40. Nxh6
Qb8 41. Kg2 e3 42. fxe3 Qc8 43. b5 Kh7 44. g4 Qc2+ 45. Kg3 Qb1 46. Nf5 1/2-1/2

[Event "Torneo Euskal Xake Eskola"]
[Site "San Sebastian ESP"]
[Date "2009.07.14"]
[Round "7.1"]
[White "Flear, Glenn C"]
[Black "Franco Alonso, Alejandro"]
[Result "1/2-1/2"]
[WhiteElo "2490"]
[BlackElo "2480"]
[PlyCount "39"]
[EventDate "2009.07.07"]
[EventType "tourn"]
[EventRounds "9"]
[EventCountry "ESP"]
[EventCategory "6"]
[Source "lmi"]
[SourceDate "2009.07.07"]

1. d4 Nf6 2. c4 e6 3. Nc3 Bb4 4. Qc2 d5 5. cxd5 Qxd5 6. Nf3 Qf5 7. Qxf5 exf5 8.
a3 Bd6 9. Bg5 Ne4 10. Nxe4 fxe4 11. Nd2 f5 12. Nc4 Be6 13. e3 Nc6 14. Nxd6+
cxd6 15. b4 Rc8 16. Be2 Ne7 17. Bxe7 Kxe7 18. Kd2 Bc4 19. Rhc1 Bxe2 20. Kxe2
1/2-1/2

[Event "Torneo Euskal Xake Eskola"]
[Site "San Sebastian ESP"]
[Date "2009.07.14"]
[Round "7.2"]
[White "Prie, Eric"]
[Black "Huerga Leache, Mikel"]
[Result "1-0"]
[WhiteElo "2491"]
[BlackElo "2456"]
[PlyCount "81"]
[EventDate "2009.07.07"]
[EventType "tourn"]
[EventRounds "9"]
[EventCountry "ESP"]
[EventCategory "6"]
[Source "lmi"]
[SourceDate "2009.07.07"]

1. d4 Nf6 2. Bf4 d6 3. Nf3 Nbd7 4. h3 c5 5. c3 g6 6. e3 b6 7. a4 a6 8. Nbd2 Bb7
9. Be2 Bg7 10. O-O O-O 11. Qb3 Qc7 12. Bh2 Rfb8 13. e4 b5 14. e5 c4 15. Qc2 Ne8
16. Rfe1 dxe5 17. Bf1 Qc6 18. Nxe5 Nxe5 19. Bxe5 Rd8 20. axb5 axb5 21. Rxa8
Rxa8 22. Bxg7 Nxg7 23. b3 cxb3 24. Qxb3 Ra5 25. Rxe7 Ne6 26. Nf3 Ra1 27. Rxf7
Qd5 28. c4 Qe4 29. Rxb7 Qxb7 30. cxb5 Qf7 31. Ne5 Qf5 32. g4 Qf6 33. b6 Kg7 34.
Qb2 Rd1 35. b7 Nxd4 36. b8=Q Kh6 37. Qc7 Kg5 38. Nf7+ Qxf7 39. Qxf7 Nf3+ 40.
Qxf3 Rxf1+ 41. Kxf1 1-0

[Event "Torneo Euskal Xake Eskola"]
[Site "San Sebastian ESP"]
[Date "2009.07.14"]
[Round "7.3"]
[White "Martin Alvarez, Iñigo"]
[Black "Michna, Christian"]
[Result "1/2-1/2"]
[WhiteElo "2239"]
[BlackElo "2224"]
[PlyCount "55"]
[EventDate "2009.07.07"]
[EventType "tourn"]
[EventRounds "9"]
[EventCountry "ESP"]
[EventCategory "6"]
[Source "lmi"]
[SourceDate "2009.07.07"]

1. e4 c5 2. Nf3 e6 3. d4 cxd4 4. Nxd4 Nf6 5. Nc3 Nc6 6. Ndb5 Bb4 7. a3 Bxc3+ 8.
Nxc3 d5 9. Bd3 d4 10. Ne2 e5 11. O-O O-O 12. h3 Re8 13. Ng3 Nd7 14. Qh5 Nf8 15.
f4 exf4 16. Bxf4 f6 17. Bb5 Ng6 18. Bc4+ Be6 19. Bxe6+ Rxe6 20. Qd5 Qe8 21. Nf5
Rd8 22. Qb3 b6 23. Rae1 Kh8 24. Qf3 Nge5 25. Qg3 Qg6 26. Bxe5 Rxe5 27. Qb3 Ne7
28. Qd3 1/2-1/2

[Event "Torneo Euskal Xake Eskola"]
[Site "San Sebastian ESP"]
[Date "2009.07.14"]
[Round "7.4"]
[White "Gonzalez De La Torre, Santiago"]
[Black "Llaneza Vega, Marcos"]
[Result "1/2-1/2"]
[WhiteElo "2390"]
[BlackElo "2521"]
[PlyCount "59"]
[EventDate "2009.07.07"]
[EventType "tourn"]
[EventRounds "9"]
[EventCountry "ESP"]
[EventCategory "6"]
[Source "lmi"]
[SourceDate "2009.07.07"]

1. e4 c5 2. Nf3 Nc6 3. d4 cxd4 4. Nxd4 Nf6 5. Nc3 e5 6. Ndb5 d6 7. Bg5 a6 8.
Na3 b5 9. Bxf6 gxf6 10. Nd5 f5 11. Bd3 Be6 12. O-O Bxd5 13. exd5 Ne7 14. Re1
Bg7 15. c3 O-O 16. Qh5 Qc8 17. Rad1 e4 18. Bf1 Rb8 19. Nc2 Re8 20. Nd4 Qc5 21.
g4 b4 22. Nxf5 Nxf5 23. gxf5 bxc3 24. bxc3 e3 25. Qf3 exf2+ 26. Qxf2 Rxe1 27.
Rxe1 Qxc3 28. Re3 Qa1 29. Re1 Qc3 30. Re3 1/2-1/2

[Event "Torneo Euskal Xake Eskola"]
[Site "San Sebastian ESP"]
[Date "2009.07.15"]
[Round "8.3"]
[White "Michna, Christian"]
[Black "Gonzalez De La Torre, Santiago"]
[Result "1/2-1/2"]
[WhiteElo "2224"]
[BlackElo "2390"]
[PlyCount "27"]
[EventDate "2009.07.07"]
[EventType "tourn"]
[EventRounds "9"]
[EventCountry "ESP"]
[EventCategory "6"]
[Source "lmi"]
[SourceDate "2009.07.07"]

1. e4 c5 2. c3 b6 3. d4 Bb7 4. f3 e6 5. Bd3 Qh4+ 6. g3 Qh5 7. Be3 cxd4 8. cxd4
Nc6 9. Nc3 Bb4 10. Qd2 Nge7 11. O-O-O Qa5 12. Nge2 Rc8 13. Kb1 O-O 14. g4
1/2-1/2

[Event "Torneo Euskal Xake Eskola"]
[Site "San Sebastian ESP"]
[Date "2009.07.15"]
[Round "8.4"]
[White "Huerga Leache, Mikel"]
[Black "Martin Alvarez, Iñigo"]
[Result "1-0"]
[WhiteElo "2456"]
[BlackElo "2239"]
[PlyCount "129"]
[EventDate "2009.07.07"]
[EventType "tourn"]
[EventRounds "9"]
[EventCountry "ESP"]
[EventCategory "6"]
[Source "lmi"]
[SourceDate "2009.07.07"]

1. e4 d6 2. d4 Nf6 3. Nc3 e5 4. Nf3 Nbd7 5. Bc4 Be7 6. O-O O-O 7. Re1 c6 8. a4
a5 9. h3 Nb6 10. Ba2 Nfd7 11. Be3 exd4 12. Qxd4 Nc5 13. Rad1 Nbd7 14. Bf4 Qb6
15. Bxd6 Bxd6 16. Qxd6 Qxb2 17. Re3 Nxa4 18. Rb1 Qxc3 19. Rxc3 Nxc3 20. Ra1
Nxa2 21. Rxa2 Nf6 22. e5 Nd5 23. Nd4 Re8 24. Ra3 Be6 25. Nxe6 Rxe6 26. Rxa5
Rae8 27. Qd7 R6e7 28. Qd6 Re6 29. Qa3 Rxe5 30. Ra8 h5 31. Qa7 R5e6 32. Qxb7
Rxa8 33. Qxa8+ Kh7 34. Qf8 Kg6 35. g3 f5 36. Qc8 Kf7 37. Qb7+ Kf6 38. Kg2 Ne7
39. Qb3 Nd5 40. Qb8 Kf7 41. Qc8 Ne7 42. Qd7 Re2 43. Qd1 Re6 44. Qxh5+ Kf8 45.
h4 g6 46. Qh7 Rf6 47. Kf3 Re6 48. Kf4 Re4+ 49. Kg5 Rg4+ 50. Kf6 Ng8+ 51. Ke6
Re4+ 52. Kd6 Rd4+ 53. Kxc6 Rc4+ 54. Kd6 Rd4+ 55. Kc5 Rd5+ 56. Kb4 Ne7 57. c4
Rd7 58. Qh8+ Kf7 59. c5 Nc6+ 60. Kb5 Nd4+ 61. Kb6 Rd5 62. h5 gxh5 63. Qxh5+ Kf6
64. g4 Ne6 65. g5+ 1-0

[Event "Torneo Euskal Xake Eskola"]
[Site "San Sebastian ESP"]
[Date "2009.07.16"]
[Round "9.1"]
[White "Prie, Eric"]
[Black "Franco Alonso, Alejandro"]
[Result "1-0"]
[WhiteElo "2491"]
[BlackElo "2480"]
[PlyCount "77"]
[EventDate "2009.07.07"]
[EventType "tourn"]
[EventRounds "9"]
[EventCountry "ESP"]
[EventCategory "6"]
[Source "lmi"]
[SourceDate "2009.07.07"]

1. d4 Nf6 2. Bf4 e6 3. e3 b6 4. Nf3 Be7 5. h3 O-O 6. Nbd2 c5 7. c3 d5 8. Ne5
Nfd7 9. Qh5 Nxe5 10. dxe5 Ba6 11. Bxa6 Nxa6 12. O-O Qe8 13. Qe2 Nc7 14. Nf3 b5
15. Rad1 Qc6 16. Bg5 Bxg5 17. Nxg5 h6 18. Nf3 a5 19. Nh2 b4 20. c4 Qa6 21. Rc1
Rfd8 22. Nf3 a4 23. Rfe1 a3 24. b3 dxc4 25. bxc4 b3 26. axb3 a2 27. Ra1 Qa3 28.
Qc2 Rdb8 29. Re2 Qxb3 30. Qxb3 Rxb3 31. Rexa2 Rxa2 32. Rxa2 Rb1+ 33. Kh2 Rc1
34. Ra7 Ne8 35. Ra8 Kf8 36. Nd2 Ke7 37. Ra7+ Kf8 38. f3 Rc2 39. Ne4 1-0

[Event "Torneo Euskal Xake Eskola"]
[Site "San Sebastian ESP"]
[Date "2009.07.16"]
[Round "9.2"]
[White "Martin Alvarez, Iñigo"]
[Black "Flear, Glenn C"]
[Result "1/2-1/2"]
[WhiteElo "2239"]
[BlackElo "2490"]
[PlyCount "101"]
[EventDate "2009.07.07"]
[EventType "tourn"]
[EventRounds "9"]
[EventCountry "ESP"]
[EventCategory "6"]
[Source "lmi"]
[SourceDate "2009.07.07"]

1. e4 e5 2. Nf3 Nc6 3. Bb5 a6 4. Bxc6 dxc6 5. Nc3 f6 6. d4 exd4 7. Qxd4 Qxd4 8.
Nxd4 Bd7 9. Be3 O-O-O 10. O-O-O g6 11. Nde2 Bg7 12. h3 Nh6 13. f4 Nf7 14. g4 h5
15. f5 Ne5 16. Bd4 Nf3 17. Kb1 b6 18. Rhf1 hxg4 19. hxg4 Nxd4 20. Nxd4 c5 21.
Nde2 gxf5 22. gxf5 Bh6 23. b3 Bc6 24. Rxd8+ Rxd8 25. Nf4 Bxf4 26. Rxf4 Rd4 27.
Rh4 b5 28. Rh8+ Kb7 29. Rh6 b4 30. Na4 Bxa4 31. bxa4 Rxe4 32. Rxf6 Rf4 33. a5
Rf2 34. Kb2 c4 35. Rf8 Kc6 36. f6 Kb5 37. a3 b3 38. Rb8+ Kxa5 39. f7 Rxf7 40.
cxb3 cxb3 41. Kxb3 Rf3+ 42. Kb2 c5 43. Rb7 Ka4 44. Rc7 Rb3+ 45. Kc2 Rb5 46. Kc3
a5 47. Kc4 Rb1 48. Rxc5 Rc1+ 49. Kd4 Rxc5 50. Kxc5 Kxa3 51. Kc4 1/2-1/2

[Event "Torneo Euskal Xake Eskola"]
[Site "San Sebastian ESP"]
[Date "2009.07.16"]
[Round "9.3"]
[White "Gonzalez De La Torre, Santiago"]
[Black "Huerga Leache, Mikel"]
[Result "1/2-1/2"]
[WhiteElo "2390"]
[BlackElo "2456"]
[PlyCount "22"]
[EventDate "2009.07.07"]
[EventType "tourn"]
[EventRounds "9"]
[EventCountry "ESP"]
[EventCategory "6"]
[Source "lmi"]
[SourceDate "2009.07.07"]

1. Nf3 d5 2. d4 Nf6 3. c4 c6 4. e3 Bf5 5. Nc3 e6 6. Nh4 Bg6 7. Nxg6 hxg6 8. Bd2
Nbd7 9. Rc1 Bd6 10. g3 Qe7 11. Qb3 Rb8 1/2-1/2

[Event "Torneo Euskal Xake Eskola"]
[Site "San Sebastian ESP"]
[Date "2009.07.16"]
[Round "9.4"]
[White "Galego, Luis"]
[Black "Michna, Christian"]
[Result "1-0"]
[WhiteElo "2435"]
[BlackElo "2224"]
[PlyCount "65"]
[EventDate "2009.07.07"]
[EventType "tourn"]
[EventRounds "9"]
[EventCountry "ESP"]
[EventCategory "6"]
[Source "lmi"]
[SourceDate "2009.07.07"]

1. e4 c5 2. Nf3 e6 3. Nc3 Nc6 4. g3 Nf6 5. Bg2 d5 6. exd5 exd5 7. d3 d4 8. Ne2
Bd6 9. O-O O-O 10. h3 Re8 11. Re1 h6 12. a3 a5 13. Bf4 Bxf4 14. Nxf4 Rxe1+ 15.
Qxe1 Bd7 16. Nd2 Qc7 17. Qf1 Re8 18. Ne4 Nxe4 19. dxe4 a4 20. Nd5 Qa5 21. c3
Ne5 22. cxd4 cxd4 23. Qd1 Nc6 24. Kh2 Rd8 25. Rc1 Qa7 26. f4 Na5 27. f5 Nb3 28.
Rc7 Be8 29. Qg4 Kh7 30. f6 g6 31. Nf4 Kg8 32. Nxg6 fxg6 33. Qe6+ 1-0